<?xml version="1.0" encoding="UTF-8"?>
<collection xmlns="http://www.loc.gov/MARC21/slim">
 <record>
  <leader>     na                 </leader>
  <controlfield tag="001">INLIS000000000005404</controlfield>
  <controlfield tag="005">20250815095920</controlfield>
  <datafield tag="035" ind1=" " ind2=" ">
   <subfield code="a">0010-0825000177</subfield>
  </datafield>
  <controlfield tag="008">250815                |          | |  </controlfield>
  <datafield tag="245" ind1="1" ind2=" ">
   <subfield code="a">Analisis Faktor-Faktor Yang Mempengaruhi Impulse Buying Konsumen Pada Indomaret Jahab /</subfield>
   <subfield code="c">Sheilyn Sonia Syahfira</subfield>
  </datafield>
  <datafield tag="100" ind1=" " ind2=" ">
   <subfield code="a">Syahfira, Sheilyn Sonia</subfield>
  </datafield>
  <datafield tag="260" ind1=" " ind2=" ">
   <subfield code="a">Tenggarong :</subfield>
   <subfield code="b">FEBIS-Universitas Kutai Kartanegara,</subfield>
   <subfield code="c">2023</subfield>
  </datafield>
  <datafield tag="300" ind1=" " ind2=" ">
   <subfield code="a">86 hlm. ;</subfield>
   <subfield code="c">21x30 cm</subfield>
  </datafield>
  <datafield tag="084" ind1=" " ind2=" ">
   <subfield code="a">658 SYA A C.1</subfield>
  </datafield>
  <datafield tag="520" ind1=" " ind2=" ">
   <subfield code="a">Sheilyn Sonia Syahfira, 2023, judul &quot;Analisis Faktor-Faktor Yang Mempengaruhi Impulse Buying Konsumen Pada Indomaret Jahab Skripsi Fakultas Ekonomi dan Bisnis Universitas Kutai Kartanegara bimbingan Ibu Nilam Anggar Sari, SE, M.Si dan Bapak Johansyah, SE, MM&lt;br/&gt;Tujuan dari penelitian ini adalah untuk mengetahui dan mengkaji besarnya pengaruh dari diskon, display toko dan suasana toko terhadap impulse buying oleh konsumen pada Indomaret Jahab Kota Bangun&lt;br/&gt;Penelitian ini menggunakan data primer kuisioner data responden yang dipergunakan sebanyak 63 orang. Alat analisis yang dipakai adalah analisis regresi berganda dengan pengujian hipotesis menggunakan uji F dan uji t&lt;br/&gt;Dari uji anova atau F test, didapat F hitung adalah 35,616 sedangkan nilai F tabel diperoleh nilai sebesar 2,53 hal ini berarti bahwa (F 30,760 2,48 dengan nilai signifikansi &lt; 0,05 sehingga dapat dikatakan variabel diskon, display toko dan suasana toko secara bersama-sama mampu menunjukkan pengaruhnya secara signifikan terhadap impulse buying pada Indomaret Jahab atau dapat dikatakan model regresi yang dibangun dapat dipakai untuk memprediksi impulse buying pada Indomaret Jahab. Berdasarkan uraian tersebut, maka hipotesis pertama dalam penelitian ini diterima&lt;br/&gt;Variabel diskon (X) berpengaruh parsial terhadap impulse buying konsumen, karena t hitung lebih besar dari t tabel (thmang 5,196 tubed 1,670) dengan nilai signifikansi &lt; 0,05 sehingga Ho ditolak dan Hi diterima. Artinya secara sendiri-sendiri variabel diskon mampu menjelaskan pengaruhnya secara signifikan terhadap impulse buying&lt;br/&gt;Variabel display toko (X2) berpengaruh parsial terhadap impulse buying konsumen, karena t hitung lebih besar dari t tabel (tung 3,462 &gt; - 1,670) dengan nilai signifikansi &lt; 0,05 sehingga Ho ditolak dan Hi diterima. Artinya secara sendiri-sendiri variabel harga mampu menjelaskan pengaruhnya secara signifikan terhadap impulse buying&lt;br/&gt;Variabel suasana toko (X3) berpengaruh parsial terhadap impulse buying konsumen, karena t hitung lebih besar dari t tabel (thinang 7,442 tubel 1,670) dengan nilai signifikansi &lt; 0,05sehingga Ho ditolak dan Hi diterima. Artinya secara sendiri-sendiri variabel suasana toko mampu menjelaskan pengaruhnya secara signifikan terhadap impulse buying&lt;br/&gt;Berdasarkan nilai koefisien b pada ujit menunjukkan bahwa variabel suasana toko mempunyai pengaruh yang paling dominan terhadap pembelian impulsif pada Indomaret Jahab yakni sebesar 0,596 atau 59,6% kemudian diikuti oleh variabel diskon sebesar 0,480 atau 48% dan display toko sebesar 0,375 atau 37,5%. Dari uraian tersebut, maka dapat disimpulkan bahwa hipotesis kelima di terima&lt;br/&gt;</subfield>
  </datafield>
  <datafield tag="082" ind1=" " ind2=" ">
   <subfield code="a">658</subfield>
  </datafield>
  <datafield tag="650" ind1=" " ind2="4">
   <subfield code="a">Manajemen Umum</subfield>
  </datafield>
  <datafield tag="990" ind1=" " ind2=" ">
   <subfield code="a">250813110008669</subfield>
  </datafield>
 </record>
</collection>
